|
|
|
|
| LEADER |
01639nam a22003257a 4500 |
| 001 |
33025 |
| 003 |
BD-DhAAL |
| 005 |
20180419124226.0 |
| 008 |
180419t2013 bg a b 00| 0 ben d |
| 999 |
|
|
|c 39292
|d 39292
|
| 020 |
|
|
|a 9789848946411
|
| 040 |
|
|
|a BD-DhAAL
|
| 041 |
|
|
|a BEN
|
| 082 |
|
|
|2 22
|a 954.9205
|
| 100 |
|
|
|a ইসলাম, কাজী আনোয়ারুল
|9 25654
|
| 245 |
|
|
|a স্বাধীনতা সংগ্রামে ঝিনাইদহ :
|b প্রতিরোধযুদ্ধসহ ৭০টি রণাঙ্গনের বিবরণ সম্বলিত /
|c কাজী আনোয়ারুল ইসলাম
|
| 246 |
|
|
|a স্বাধীনতা সংগ্রামে ঝিনাইদহ
|
| 246 |
|
|
|a Swadhinata sangrame Jhenidah
|
| 246 |
|
|
|a Liberation war in Jhenidah
|
| 250 |
|
|
|a প্রথম প্রকাশ
|
| 260 |
|
|
|a ঢাকা :
|b গতিধারা,
|c ২০১৩
|
| 300 |
|
|
|a ২৮৭ পৃষ্ঠা :
|b চিত্র ;
|c ২২ সে.মি.
|
| 504 |
|
|
|a বিবলিওগ্রাফী অন্তর্ভুক্ত
|
| 526 |
|
|
|a AAL
|
| 541 |
|
|
|e 33025
|a Development Book Agency
|
| 651 |
|
|
|a Bangladesh
|x History
|y Revolution, 1971
|9 25616
|
| 651 |
|
|
|a বাংলাদেশ
|x ইতিহাস
|y মুক্তিযুদ্ধ, ১৯৭১
|9 25617
|
| 852 |
|
|
|a Ayesha Abed Library
|c Bangabandhu Corner
|
| 942 |
|
|
|2 ddc
|c BK
|
| 952 |
|
|
|0 0
|1 0
|2 ddc
|4 0
|6 954_920500000000000_ISL
|7 0
|9 63225
|a BRACUL
|b BRACUL
|c BNC
|d 2018-04-18
|e Development Book Agency
|g 297.50
|l 0
|o 954.9205 ISL
|p 3010033025
|r 2018-04-18
|t 1
|v 350.00
|w 2018-04-18
|y BK
|